<?xml version="1.0" encoding="UTF-8"?>
<record
    xmlns:xsi="http://www.w3.org/2001/XMLSchema-instance"
    xsi:schemaLocation="http://www.loc.gov/MARC21/slim http://www.loc.gov/standards/marcxml/schema/MARC21slim.xsd"
    xmlns="http://www.loc.gov/MARC21/slim">

  <leader>00406nam a2200133Ia 4500</leader>
  <controlfield tag="008">200515s9999||||xx |||||||||||||| ||und||</controlfield>
  <datafield tag="084" ind1=" " ind2=" ">
    <subfield code="a">84.7&#x41A;&#x43B;-44</subfield>
    <subfield code="b">&#x413; 21</subfield>
    <subfield code="2">NNA</subfield>
  </datafield>
  <datafield tag="100" ind1=" " ind2=" ">
    <subfield code="a">&#x413;&#x430;&#x440;&#x441;&#x438;&#x430; &#x41C;&#x430;&#x440;&#x43A;&#x435;&#x441; &#x413;.</subfield>
  </datafield>
  <datafield tag="245" ind1=" " ind2="0">
    <subfield code="a">&#x41F;&#x43E;&#x43B;&#x43A;&#x43E;&#x432;&#x43D;&#x438;&#x43A;&#x443; &#x43D;&#x438;&#x43A;&#x442;&#x43E; &#x43D;&#x435; &#x43F;&#x438;&#x448;&#x435;&#x442;</subfield>
    <subfield code="c">&#x420;&#x435;&#x434;.&#x42E;. &#x412;. &#x412;&#x430;&#x43D;&#x43D;&#x438;&#x43A;&#x43E;&#x432;&#x430;</subfield>
  </datafield>
  <datafield tag="260" ind1=" " ind2=" ">
    <subfield code="c">1990</subfield>
    <subfield code="a">&#x41C;</subfield>
    <subfield code="b">&#x425;&#x443;&#x434;&#x43E;&#x436;. &#x43B;&#x438;&#x442;.,</subfield>
  </datafield>
  <datafield tag="300" ind1=" " ind2=" ">
    <subfield code="a">462</subfield>
  </datafield>
  <datafield tag="546" ind1=" " ind2=" ">
    <subfield code="a">&#x41E;&#x440;&#x43E;&#x441;</subfield>
  </datafield>
  <datafield tag="942" ind1=" " ind2=" ">
    <subfield code="c">BK</subfield>
  </datafield>
  <datafield tag="952" ind1=" " ind2=" ">
    <subfield code="0">0</subfield>
    <subfield code="1">0</subfield>
    <subfield code="4">0</subfield>
    <subfield code="6">140993</subfield>
    <subfield code="7">0</subfield>
    <subfield code="8">UB0100000117</subfield>
    <subfield code="a">UB01000001</subfield>
    <subfield code="b">UB01000001</subfield>
    <subfield code="c">UB0100000117</subfield>
    <subfield code="d">2021-07-19</subfield>
    <subfield code="e">Khudaldaa</subfield>
    <subfield code="g">22.50</subfield>
    <subfield code="l">0</subfield>
    <subfield code="o">140993</subfield>
    <subfield code="p">005020140993</subfield>
    <subfield code="r">2021-07-19</subfield>
    <subfield code="y">BK</subfield>
  </datafield>
  <datafield tag="999" ind1=" " ind2=" ">
    <subfield code="c">242963</subfield>
    <subfield code="d">243020</subfield>
  </datafield>
</record>
